000
00299nam a22001337a 4500
020
_a
978-93-5176-844-9
041
_a
ENG
100
_a
Bakshi .S.P
245
_a
Objective General English
260
_a
New Delhi
_b
Arihant
_c
2019
300
_a
776
650
_a
Banking
856
_u
Competitive Exam
999
_c
201
_d
201